Critical Reading of Online News Commentary Headlines: Stylistic and Pragmatic Aspects

Kritická štylistika ako počiatočný nástroj na vymedzenie textových, myšlienkových a medziľudských funkcií titulkov a ich kategorizáciu. Skúmanie štylistického a syntaktického dizajnu titulkov. Titulky a ich umiestnenie v digitálnych správach.

Guardado en:
Detalles Bibliográficos
Autor principal: Dykstra, Alan
Formato: Capítulo de libro
Lenguaje:inglés
Materias:
Etiquetas: Agregar Etiqueta
Sin Etiquetas, Sea el primero en etiquetar este registro!

MARC

LEADER 00000naa a2200000 4500
001 0262574
005 20200224123141.1
041 0 |a eng 
044 |a SK 
245 1 0 |a Critical Reading of Online News Commentary Headlines: Stylistic and Pragmatic Aspects  |c Alan Dykstra 
520 |a Kritická štylistika ako počiatočný nástroj na vymedzenie textových, myšlienkových a medziľudských funkcií titulkov a ich kategorizáciu. Skúmanie štylistického a syntaktického dizajnu titulkov. Titulky a ich umiestnenie v digitálnych správach. 
610 2 0 |a médiá 
610 2 0 |a tlač 
610 2 0 |a žurnalistika 
610 2 0 |a digitalizácia 
610 2 0 |a ideológia 
100 1 |a Dykstra, Alan